Statistics for Countries Farthest North

Click here to take the quiz!

General Stats

  • This quiz has been taken 23 times
  • The average score is 14 of 15

Answer Stats

HintAnswer% Correct
83 40NDenmark
100%
70 05NFinland
100%
80 49NNorway
100%
51 51NRussia
100%
69 04NSweden
100%
60 51NUnited Kingdom
100%
83 06NCanada
95%
59 48NEstonia
95%
67 08NIceland
95%
55 26NIreland
95%
58 05NLatvia
95%
56 27NLithuania
95%
71 23NUnited States
90%
56 08NBelarus
71%
55 43NKazakhstan
67%

Score Distribution

Percentile by Number Answered

Percent of People with Each Score

Your Score History

You have not taken this quiz